[Event "4NCL Division 4 South"]
[Site "Daventry, ENG"]
[Date "2019.02.09"]
[Round "5.115"]
[White "Love, James"]
[Black "Napolitano, Domenico"]
[Result "0-1"]
[WhiteElo "1660"]
[BlackElo "1517"]
[PlyCount "112"]
[EventDate "2019.02.09"]
[WhiteTeam "Crowthorne 2"]
[BlackTeam "All Anands on Deck"]

1. e4 c5 2. b3 e6 3. Bb2 Nf6 4. Nf3 Nc6 5. d3 Be7 6. Be2 d5 7. Nbd2 O-O 8. Ne5
Nxe5 9. Bxe5 Bd6 10. Bg3 Bxg3 11. hxg3 b6 12. e5 Nd7 13. f4 f6 14. d4 cxd4 15.
Bd3 f5 16. Qh5 h6 17. Qg6 Qe8 18. Rxh6 Qxg6 19. Rxg6 Kf7 20. Rg5 Rh8 21. Kf2
Rh6 22. Nf3 Nf8 23. g4 g6 24. gxf5 exf5 25. Nxd4 Ne6 26. Nxe6 Bxe6 27. Rd1 Rc8
28. Rg3 d4 29. Rc1 Rh4 30. Rf3 Bd5 31. Kg3 Rg4+ 32. Kf2 Bxf3 33. Kxf3 Rh4 34.
Bc4+ Ke7 35. Rd1 Rd8 36. g3 Rh2 37. Bd3 Rc8 38. a4 Rc3 39. Rc1 Rd2 40. Rh1
Rdxc2 41. Rd1 Rxb3 42. g4 Rcc3 43. gxf5 gxf5 44. Ke2 Ra3 45. Bxf5 Ra2+ 46. Ke1
Re3+ 47. Kf1 Rf3+ 48. Kg1 Rxf4 49. Bd3 Rxa4 50. e6 Ra5 51. Kh2 Rg5 52. Kh3 Rf8
53. Kh4 Rg7 54. Bg6 Rxg6 55. Kh5 Rg2 56. Rxd4 Rh8# 0-1

[Event "4NCL Division 4 South"]
[Site "Daventry, ENG"]
[Date "2019.02.09"]
[Round "5.121"]
[White "Eckert, Jonathan"]
[Black "Ogunshola, Ben"]
[Result "0-1"]
[WhiteElo "1680"]
[BlackElo "2190"]
[PlyCount "64"]
[EventDate "2019.02.09"]
[WhiteTeam "West is Best 4"]
[BlackTeam "The Pitstop"]

1. e4 g6 2. Nc3 Bg7 3. f4 d6 4. Nf3 a6 5. a4 e6 6. Bc4 Ne7 7. Bb3 c5 8. d3 Nbc6
9. O-O b6 10. Qe1 Nd4 11. Nxd4 cxd4 12. Nb1 d5 13. Nd2 dxe4 14. dxe4 O-O 15.
Nf3 Bb7 16. g4 Re8 17. f5 exf5 18. Ng5 Rf8 19. gxf5 gxf5 20. Qh4 h6 21. Nxf7
Rxf7 22. Bxf7+ Kxf7 23. Qh5+ Kg8 24. Bxh6 Qd6 25. Bxg7 Kxg7 26. exf5 Rg8 27.
Rf2 Bd5 28. Ra3 Kf8+ 29. Kf1 Bc4+ 30. Ke1 Rg1+ 31. Kd2 Qb4+ 32. c3 Qxb2# 0-1

[Event "4NCL Division 4 South"]
[Site "Daventry, ENG"]
[Date "2019.02.09"]
[Round "5.122"]
[White "Froom, Oliver"]
[Black "Di-Vetta, Andrew"]
[Result "1-0"]
[WhiteElo "1940"]
[BlackElo "1731"]
[PlyCount "139"]
[EventDate "2019.02.09"]
[WhiteTeam "The Pitstop"]
[BlackTeam "West is Best 4"]

1. e4 c5 2. Nf3 Nc6 3. d3 g6 4. g3 Bg7 5. Bg2 d6 6. O-O e6 7. c3 Nf6 8. Re1 e5
9. a3 O-O 10. b4 b6 11. Nbd2 Qc7 12. Nb3 Nh5 13. Bb2 a5 14. b5 Ne7 15. a4 h6
16. Nbd2 Be6 17. d4 Rad8 18. Qe2 Rfe8 19. Nf1 f5 20. Nh4 Bf7 21. exf5 Nxf5 22.
Nxf5 gxf5 23. Bc6 Rf8 24. Ne3 Bg6 25. Nd5 Qa7 26. dxe5 dxe5 27. c4 e4 28. Bxg7
Nxg7 29. Qb2 Ne6 30. Rad1 Nd4 31. Rxd4 cxd4 32. Qxd4 Qb8 33. Nf6+ Rxf6 34. Qxf6
Qd6 35. Qxd6 Rxd6 36. Rc1 Rd8 37. h3 Kg7 38. c5 bxc5 39. Rxc5 Rd1+ 40. Kh2 Rb1
41. Bd7 Rb2 42. Kg1 Rb1+ 43. Kg2 Rb4 44. Rc7 Kf6 45. Rc6+ Ke7 46. Rxg6 Kxd7 47.
Rxh6 Rxa4 48. Ra6 Ke7 49. h4 Kf7 50. h5 Kg7 51. Rg6+ Kh7 52. Rf6 Ra2 53. Kf1 a4
54. b6 Rb2 55. Rxf5 Rxb6 56. Ra5 Rb4 57. Ra6 Rb1+ 58. Ke2 Ra1 59. Ke3 Ra2 60.
g4 a3 61. g5 Ra1 62. Kxe4 a2 63. Ra7+ Kg8 64. Kf4 Rh1 65. Rxa2 Rxh5 66. Ra7
Rh4+ 67. Kf5 Rh2 68. f4 Rb2 69. Rd7 Rf2 70. Kg6 1-0

[Event "4NCL Division 4 South"]
[Site "Daventry, ENG"]
[Date "2019.02.09"]
[Round "5.123"]
[White "Davies, Merlin"]
[Black "Carter, John P"]
[Result "0-1"]
[WhiteElo "1558"]
[BlackElo "1840"]
[PlyCount "64"]
[EventDate "2019.02.09"]
[WhiteTeam "West is Best 4"]
[BlackTeam "The Pitstop"]

1. e4 e5 2. f4 exf4 3. Nf3 d5 4. exd5 Qxd5 5. Nc3 Qe6+ 6. Be2 Nf6 7. O-O Qb6+
8. d4 Be7 9. Bxf4 Qxb2 10. Qd3 c6 11. Be5 Nbd7 12. a3 Qb6 13. Kh1 Nxe5 14. Nxe5
Be6 15. Rab1 Qc7 16. Bf3 O-O 17. Ne4 Rad8 18. Ng5 h6 19. Nxe6 fxe6 20. Qb3 Nd5
21. Qxb7 Qxb7 22. Rxb7 Bxa3 23. Ra1 Rb8 24. Rxa7 Bb2 25. Bxd5 cxd5 26. Rd1 Bxd4
27. Nc6 Bxa7 28. Nxa7 Rf2 29. Nc6 Rb2 30. Nd4 Rd2 31. Rxd2 Rb1+ 32. Rd1 Rxd1#
0-1

[Event "4NCL Division 4 South"]
[Site "Daventry, ENG"]
[Date "2019.02.09"]
[Round "5.124"]
[White "Olufemi, George"]
[Black "Fowler, Caspian"]
[Result "1-0"]
[WhiteElo "1765"]
[BlackElo "1470"]
[PlyCount "63"]
[EventDate "2019.02.09"]
[WhiteTeam "The Pitstop"]
[BlackTeam "West is Best 4"]

1. e4 e5 2. Nc3 Nf6 3. f4 d6 4. Nf3 Nc6 5. Bc4 Be7 6. O-O O-O 7. d3 Be6 8. Bb3
a6 9. Qe1 h6 10. f5 Bxb3 11. axb3 Re8 12. Qg3 Kh7 13. Qh3 Ng8 14. g4 Nd4 15.
Nxd4 exd4 16. Ne2 c5 17. Bf4 Bg5 18. Qh5 Bxf4 19. Rxf4 Qd7 20. Kh1 f6 21. Qg6+
Kh8 22. Re1 b5 23. h4 Qe7 24. g5 Qf8 25. Rf2 a5 26. Rg1 Red8 27. Qh5 Ra7 28.
Rfg2 Qf7 29. Qf3 Qe7 30. gxh6 gxh6 31. Qh5 Qh7 32. Rg6 1-0

[Event "4NCL Division 4 South"]
[Site "Daventry, ENG"]
[Date "2019.02.09"]
[Round "5.125"]
[White "McIntosh, Rachel"]
[Black "Sloan, Hamish"]
[Result "1/2-1/2"]
[WhiteElo "1501"]
[BlackElo "1520"]
[PlyCount "97"]
[EventDate "2019.02.09"]
[WhiteTeam "West is Best 4"]
[BlackTeam "The Pitstop"]

1. e4 c5 2. Nc3 g6 3. f4 e6 4. Bc4 a6 5. a4 Bg7 6. d3 Ne7 7. Nf3 Nbc6 8. O-O
O-O 9. Qe1 b6 10. f5 exf5 11. Qh4 d6 12. Bg5 Qc7 13. Bd5 Be6 14. Bxe7 Nxe7 15.
Bxe6 fxe6 16. Ng5 h6 17. Nxe6 Qb7 18. Nxf8 Rxf8 19. Qe1 f4 20. Rb1 b5 21. b3 b4
22. Ne2 g5 23. Kh1 Ng6 24. Ng1 Ne5 25. Qd2 Ng4 26. h3 Ne3 27. Rf3 d5 28. Rxe3
fxe3 29. Qxe3 dxe4 30. Qxe4 Qxe4 31. dxe4 Re8 32. Re1 Bc3 33. Re2 Kf7 34. g4
Ke6 35. Nf3 Rc8 36. Kg2 c4 37. Kf2 cxb3 38. cxb3 Rd8 39. Ke3 Rd1 40. Rc2 Rh1
41. Nd4+ Kf6 42. Rf2+ Kg6 43. Rf3 Re1+ 44. Ne2 Rd1 45. Kf2 Rd2 46. Ke3 Rb2 47.
Nd4 Rd2 48. Ne2 Rd1 49. Kf2 1/2-1/2

[Event "4NCL Division 4 South"]
[Site "Daventry, ENG"]
[Date "2019.02.09"]
[Round "5.126"]
[White "Fernando, Manel"]
[Black "McIntosh, David"]
[Result "0-1"]
[WhiteElo "1497"]
[BlackElo "1462"]
[PlyCount "137"]
[EventDate "2019.02.09"]
[WhiteTeam "The Pitstop"]
[BlackTeam "West is Best 4"]

1. d4 d5 2. Nf3 Nf6 3. Bf4 e6 4. e3 c5 5. c3 Nc6 6. Nbd2 Be7 7. Bd3 Qb6 8. Rb1
Bd7 9. Ne5 Nxe5 10. dxe5 Ng8 11. Nf3 h6 12. h3 Bd8 13. Qe2 c4 14. Bc2 Qa5 15.
a3 Ba4 16. O-O Bxc2 17. Qxc2 Ne7 18. Rfd1 Bc7 19. e4 Rd8 20. Bg3 Ng6 21. exd5
Rxd5 22. Qe4 O-O 23. Qxc4 Rxd1+ 24. Rxd1 Nxe5 25. Nxe5 Bxe5 26. b4 Qa4 27. Rd3
Bxg3 28. Rxg3 Qxa3 29. Qd4 g6 30. Qe4 Qa6 31. h4 Qc6 32. Qf4 Kh7 33. Qf6 Qd6
34. h5 Qd1+ 35. Kh2 Qxh5+ 36. Rh3 Qf5 37. Qe7 Qe5+ 38. g3 Qg7 39. Qxb7 Qxc3 40.
Qe7 Qg7 41. Qxa7 Qb2 42. Qe3 g5 43. Kg2 Qxb4 44. Qxg5 Qe4+ 45. Kh2 Qg6 46. Qe7
Rc8 47. Rh4 Rc2 48. Rf4 Qh5+ 49. Kg2 Kg8 50. Qd8+ Kg7 51. Qf6+ Kg8 52. Rd4 Rc8
53. Rh4 Qd5+ 54. Kh2 h5 55. Qh6 Rc5 56. Qe3 Qg5 57. Qb3 Rf5 58. Kg2 Qd2 59. Qb6
Qd5+ 60. Kg1 Re5 61. Qb1 Re2 62. Rb4 Rd2 63. Rb8+ Kg7 64. Qa1+ e5 65. Rb1 Qd4
66. Rf1 Rxf2 67. Qxd4 Rxf1+ 68. Kxf1 exd4 69. Ke2 0-1

[Event "4NCL Division 4 South"]
[Site "Daventry, ENG"]
[Date "2019.02.09"]
[Round "5.131"]
[White "Pack, James"]
[Black "Kesterson, Kennan"]
[Result "0-1"]
[WhiteElo "1862"]
[BlackElo "1892"]
[PlyCount "56"]
[EventDate "2019.02.09"]
[WhiteTeam "Iceni 3"]
[BlackTeam "Barnet Knights 2"]

1. Nf3 Nf6 2. c4 d6 3. g3 g6 4. Bg2 Bg7 5. Nc3 O-O 6. O-O Nc6 7. d3 e5 8. Rb1
Nd7 9. b4 h6 10. Bd2 f5 11. Qc1 g5 12. h4 f4 13. hxg5 hxg5 14. Ne4 g4 15. Nfg5
Nd4 16. Qd1 Bh6 17. gxf4 exf4 18. Bc3 Bxg5 19. Bxd4 Ne5 20. c5 f3 21. Bh1 fxe2
22. Qb3+ Rf7 23. f4 gxf3 24. Rf2 Bh4 25. Bxe5 Bxf2+ 26. Kxf2 dxe5 27. Rg1+ Kf8
28. Ng5 Qd4+ 0-1

[Event "4NCL Division 4 South"]
[Site "Daventry, ENG"]
[Date "2019.02.09"]
[Round "5.132"]
[White "Gilmore, Samuel"]
[Black "Carter, Dominic A"]
[Result "1-0"]
[WhiteElo "1810"]
[BlackElo "1658"]
[PlyCount "135"]
[EventDate "2019.02.09"]
[WhiteTeam "Barnet Knights 2"]
[BlackTeam "Iceni 3"]

1. d4 Nf6 2. c4 c5 3. d5 b5 4. cxb5 a6 5. bxa6 Bxa6 6. Nc3 g6 7. g3 Bg7 8. Bg2
d6 9. Nf3 O-O 10. O-O Nbd7 11. Re1 Nb6 12. e4 Nfd7 13. Qc2 Nc4 14. Nd2 Nce5 15.
Bf1 Bxf1 16. Rxf1 Nb6 17. f4 Ng4 18. Nf3 Qd7 19. h3 Nf6 20. Kh2 Na4 21. Bd2
Rfb8 22. b3 Nb6 23. Rad1 Ne8 24. Rf2 Nc7 25. g4 Nb5 26. Nxb5 Qxb5 27. Bc3 Bxc3
28. Qxc3 Ra3 29. f5 Rba8 30. Rdd2 Nd7 31. e5 dxe5 32. Nxe5 Nxe5 33. Qxe5 Qb8
34. Qxb8+ Rxb8 35. f6 exf6 36. Rxf6 Rba8 37. Rff2 Kg7 38. Rfe2 Kf6 39. h4 h6
40. Rc2 R3a5 41. Kg3 Rd8 42. Rcd2 Rd6 43. Kf4 g5+ 44. hxg5+ hxg5+ 45. Ke4 Ra7
46. Rf2+ Kg6 47. Rc2 Re7+ 48. Kf3 Rxd5 49. Rfd2 Rxd2 50. Rxd2 Re6 51. Rd3 Ra6
52. a4 c4 53. bxc4 Rxa4 54. Rd4 Ra6 55. Ke4 Kf6 56. Kd5 Ke7 57. c5 Kd7 58. Rb4
Kc7 59. Re4 Kd7 60. Re5 f6 61. Re3 Kc7 62. Re7+ Kd8 63. Re6 Ra4 64. Re4 Ra6 65.
c6 Ra5+ 66. Kd6 Ra7 67. Re3 Rc7 68. Rh3 1-0

[Event "4NCL Division 4 South"]
[Site "Daventry, ENG"]
[Date "2019.02.09"]
[Round "5.133"]
[White "Collicott, Peter J"]
[Black "Vaidya, Raghav"]
[Result "1-0"]
[WhiteElo "1657"]
[BlackElo "1682"]
[PlyCount "65"]
[EventDate "2019.02.09"]
[WhiteTeam "Iceni 3"]
[BlackTeam "Barnet Knights 2"]

1. c4 e5 2. g3 Nf6 3. Bg2 d5 4. cxd5 Nxd5 5. Nc3 Nb6 6. Nf3 Nc6 7. O-O Be7 8.
b3 O-O 9. Bb2 Re8 10. d3 a6 11. Rc1 Be6 12. Ne4 Bd6 13. Nc5 Rb8 14. Nxe6 Rxe6
15. Nd2 Qe8 16. Ne4 Qe7 17. Nxd6 Qxd6 18. Bxc6 bxc6 19. Rc2 Rh6 20. Bc1 Rg6 21.
Be3 Rd8 22. Qd2 Nd5 23. Kh1 Nxe3 24. Qxe3 Qd5+ 25. Kg1 Qd4 26. Qxd4 exd4 27.
Rfc1 Rdd6 28. Rc5 Rge6 29. Kf1 Rh6 30. h4 Rhe6 31. Ra5 Re7 32. Rxa6 Ree6 33.
Ra8+ 1-0

[Event "4NCL Division 4 South"]
[Site "Daventry, ENG"]
[Date "2019.02.09"]
[Round "5.134"]
[White "Wolstenholme, Otis"]
[Black "Balakrishnan, Kathirvel"]
[Result "1/2-1/2"]
[WhiteElo "1697"]
[BlackElo "1578"]
[PlyCount "33"]
[EventDate "2019.02.09"]
[WhiteTeam "Barnet Knights 2"]
[BlackTeam "Iceni 3"]

1. c4 Nf6 2. g3 g6 3. Bg2 Bg7 4. Nc3 c5 5. a3 Nc6 6. Rb1 b6 7. Nf3 Bb7 8. O-O
O-O 9. d3 d5 10. cxd5 Nxd5 11. Bd2 Nd4 12. Nxd4 Nxc3 13. bxc3 Bxg2 14. Kxg2
cxd4 15. Qb3 Rc8 16. cxd4 Qxd4 17. e3 1/2-1/2

[Event "4NCL Division 4 South"]
[Site "Daventry, ENG"]
[Date "2019.02.09"]
[Round "5.135"]
[White "Rowles, Sarah"]
[Black "Carter, Rebecca"]
[Result "0-1"]
[WhiteElo "1464"]
[BlackElo "1622"]
[PlyCount "97"]
[EventDate "2019.02.09"]
[WhiteTeam "Iceni 3"]
[BlackTeam "Barnet Knights 2"]

1. d4 d5 2. e3 Nf6 3. Bd3 Bg4 4. Ne2 e6 5. f3 Bh5 6. Nf4 Bg6 7. Nxg6 hxg6 8.
Nd2 Bd6 9. f4 Nc6 10. c3 Qe7 11. Nf3 O-O-O 12. Ne5 Bxe5 13. fxe5 Ne4 14. Qg4
Rh4 15. Qf3 Rdh8 16. h3 g5 17. g4 Qf8 18. Bd2 f6 19. O-O-O fxe5 20. Rdf1 Qxf3
21. Rxf3 Kd8 22. Be1 R4h6 23. Bf1 Rf6 24. Bg2 Ke7 25. h4 Rfh6 26. h5 Rf6 27.
Rhf1 Rhf8 28. Rxf6 Rxf6 29. Rxf6 Kxf6 30. Bxe4 dxe4 31. Bg3 Ke7 32. dxe5 Na5
33. b3 b5 34. Kc2 c5 35. Be1 c4 36. Kb2 Nc6 37. Bg3 Kd7 38. b4 Ke7 39. Kc2 Kf7
40. Kd2 Ne7 41. Ke2 Ng8 42. Bf4 gxf4 43. exf4 Ne7 44. Ke3 Nd5+ 45. Kxe4 Nxc3+
46. Kd4 Nxa2 47. g5 g6 48. h6 Nxb4 49. f5 0-1

[Event "4NCL Division 4 South"]
[Site "Daventry, ENG"]
[Date "2019.02.09"]
[Round "5.136"]
[White "Sanfey, Gregor"]
[Black "Ryan, John"]
[Result "0-1"]
[WhiteElo "1585"]
[BlackElo "1419"]
[PlyCount "168"]
[EventDate "2019.02.09"]
[WhiteTeam "Barnet Knights 2"]
[BlackTeam "Iceni 3"]

1. e4 c5 2. Nf3 Nc6 3. Bb5 d6 4. O-O Bd7 5. b3 a6 6. Bxc6 Bxc6 7. Re1 Nf6 8. d3
e5 9. Bb2 Be7 10. Nbd2 O-O 11. a3 b5 12. b4 cxb4 13. axb4 Bb7 14. Nb3 Bc8 15.
Nfd2 Bg4 16. f3 Qb6+ 17. d4 Be6 18. Kh1 Rfd8 19. Qe2 Rac8 20. Rec1 Bxb3 21.
Nxb3 Rc4 22. dxe5 dxe5 23. c3 Qe6 24. Ra3 Rc7 25. Rca1 Rcd7 26. h3 Nh5 27. Qc2
Ra8 28. Bc1 Rc7 29. Be3 Bxb4 30. Nc5 Bxc5 31. Bxc5 Rxc5 32. Qf2 Rcc8 33. Qa2
Qc6 34. Rxa6 Rxa6 35. Qxa6 Qxa6 36. Rxa6 h6 37. Ra5 Rb8 38. Kg1 Nf4 39. Kf2 f6
40. h4 Rc8 41. Rxb5 Rxc3 42. Rb8+ Kh7 43. g3 Rc2+ 44. Kf1 Nh3 45. Rb3 Rf2+ 46.
Ke1 Rg2 47. g4 Rg1+ 48. Ke2 Nf4+ 49. Kf2 Rh1 50. h5 Nxh5 51. gxh5 Rxh5 52. Rb7
Rg5 53. Ke3 h5 54. Rd7 Rg2 55. Rd5 Kg6 56. f4 Rg3+ 57. Kf2 exf4 58. Rf5 Rg4 59.
Kf3 Rh4 60. Kg2 Rg4+ 61. Kf3 Rg5 62. Rxf4 Re5 63. Kg3 f5 64. exf5+ Rxf5 65. Rb4
Kg5 66. Rb7 g6 67. Rb4 Rd5 68. Rb3 h4+ 69. Kh3 Kh5 70. Rb8 Rd3+ 71. Kg2 g5 72.
Rh8+ Kg4 73. Kf2 Kh3 74. Ke2 Rg3 75. Rg8 g4 76. Kf1 Rf3+ 77. Ke2 Kg3 78. Rh8
Rf2+ 79. Ke1 Rf3 80. Ke2 h3 81. Ke1 Kg2 82. Rh4 g3 83. Ke2 Rf2+ 84. Ke3 h2 0-1

[Event "4NCL Division 4 South"]
[Site "Daventry, ENG"]
[Date "2019.02.09"]
[Round "5.141"]
[White "Krawczuk, Michael J"]
[Black "Kamath, Vikram"]
[Result "1-0"]
[WhiteElo "1828"]
[BlackElo "1767"]
[PlyCount "59"]
[EventDate "2019.02.09"]
[WhiteTeam "Wessex C"]
[BlackTeam "Rook & Roll"]

1. e4 e6 2. d4 d5 3. Nc3 Nf6 4. e5 Nfd7 5. f4 c5 6. Nf3 Nc6 7. Be3 cxd4 8. Nxd4
Nxd4 9. Bxd4 a6 10. Be2 Bc5 11. Bxc5 Nxc5 12. Qd4 Qb6 13. O-O-O Nd7 14. Qd3 f5
15. exf6 Nxf6 16. g4 O-O 17. Rhf1 Bd7 18. g5 Ne8 19. f5 Rxf5 20. Rxf5 exf5 21.
Nxd5 Qe6 22. Nf4 Qxa2 23. Qc4+ Qxc4 24. Bxc4+ Kh8 25. Rxd7 b5 26. Bf7 h6 27. h4
hxg5 28. hxg5 Rc8 29. Ng6+ Kh7 30. Rd1 1-0

[Event "4NCL Division 4 South"]
[Site "Daventry, ENG"]
[Date "2019.02.09"]
[Round "5.142"]
[White "Sheikh, Nasarullah"]
[Black "Smith, Steven J"]
[Result "1-0"]
[WhiteElo "1722"]
[BlackElo "1662"]
[PlyCount "117"]
[EventDate "2019.02.09"]
[WhiteTeam "Rook & Roll"]
[BlackTeam "Wessex C"]

1. e4 e6 2. d3 d5 3. Nd2 c5 4. Ngf3 Nc6 5. g3 Nf6 6. Bg2 Be7 7. O-O O-O 8. Re1
Bd7 9. e5 Ne8 10. Nf1 f6 11. h4 f5 12. c3 Rc8 13. N1h2 b5 14. a3 d4 15. Bg5
dxc3 16. bxc3 Nc7 17. d4 cxd4 18. Nxd4 Nxd4 19. Qxd4 Bxg5 20. hxg5 Qe8 21. Qxa7
Bc6 22. Nf3 Rf7 23. Qd4 Rd7 24. Qh4 Rd3 25. Nd4 Bxg2 26. Kxg2 Rxc3 27. Rh1 Qg6
28. Ne2 Nd5 29. Nxc3 Rxc3 30. Rhc1 Qe8 31. Rxc3 Nxc3 32. Qd4 Qc6+ 33. Kh2 Nd5
34. Rd1 f4 35. gxf4 Qe8 36. Rd3 Qh5+ 37. Rh3 Qg4 38. f3 Qxf4+ 39. Qxf4 Nxf4 40.
Rh4 Nd5 41. Rd4 Kf7 42. Kg3 Kg6 43. f4 Kf5 44. Kf3 h6 45. gxh6 gxh6 46. Kg3 h5
47. Rd1 Nxf4 48. Rf1 h4+ 49. Kxh4 Kxe5 50. Rb1 Kd4 51. Rxb5 e5 52. Kg4 Nd5 53.
Rb8 e4 54. a4 e3 55. Kf3 Kc5 56. a5 Nc3 57. Rc8+ Kb4 58. Rxc3 Kxc3 59. Kxe3 1-0

[Event "4NCL Division 4 South"]
[Site "Daventry, ENG"]
[Date "2019.02.09"]
[Round "5.143"]
[White "Deacon, David J"]
[Black "Aubury, Benjamin"]
[Result "1-0"]
[WhiteElo "1601"]
[BlackElo "1688"]
[PlyCount "87"]
[EventDate "2019.02.09"]
[WhiteTeam "Wessex C"]
[BlackTeam "Rook & Roll"]

1. d4 Nf6 2. c4 g6 3. g3 Bg7 4. Bg2 O-O 5. Nf3 d6 6. Nc3 Nc6 7. O-O a6 8. b3
Bg4 9. h3 Bxf3 10. Bxf3 Qc8 11. Bg2 e5 12. e3 Ne8 13. d5 Ne7 14. Bb2 h5 15. h4
f5 16. Ne2 g5 17. hxg5 Ng6 18. f4 h4 19. Rb1 Qd8 20. Qe1 hxg3 21. Qxg3 Qe7 22.
Bf3 exf4 23. exf4 Qe3+ 24. Qf2 Qe7 25. Bh5 Bxb2 26. Rxb2 Qh7 27. Bxg6 Qxg6 28.
Nd4 Ng7 29. Re2 Rae8 30. Rfe1 Qh5 31. Rxe8 Rxe8 32. Rxe8+ Qxe8 33. Qe2 Qf7 34.
a3 Nh5 35. Ne6 Qe8 36. Nd4 Qf7 $11 37. Ne6 Qe8 38. Kf2 c6 39. Qd3 Qg6 40. dxc6
bxc6 41. Qxd6 Qf7 42. g6 Qxg6 43. Qf8+ Kh7 44. Ng5+ 1-0

[Event "4NCL Division 4 South"]
[Site "Daventry, ENG"]
[Date "2019.02.09"]
[Round "5.144"]
[White "Sheikh, Anum"]
[Black "Deacon, Matthew"]
[Result "1-0"]
[WhiteElo "1573"]
[BlackElo "1495"]
[PlyCount "113"]
[EventDate "2019.02.09"]
[WhiteTeam "Rook & Roll"]
[BlackTeam "Wessex C"]

1. e4 c5 2. Nf3 g6 3. d4 cxd4 4. Nxd4 Nc6 5. Nc3 Nf6 6. Be2 Bg7 7. Be3 O-O 8.
Qd2 Re8 9. f3 d5 10. O-O-O Nxd4 11. Bxd4 dxe4 12. Nxe4 Nxe4 13. fxe4 Be6 14.
Bxg7 Qxd2+ 15. Rxd2 Kxg7 16. Kb1 Rad8 17. Rhd1 Rxd2 18. Rxd2 Kf6 19. Bf3 Ke5
20. b3 Rc8 21. Kb2 Rc7 22. g3 Rd7 23. Kc3 Rxd2 24. Kxd2 Bd7 25. Ke3 Bc6 26. c3
f5 27. exf5 Bxf3 28. Kxf3 gxf5 29. Ke3 e6 30. c4 h6 31. h3 h5 32. h4 Kf6 33. b4
e5 34. a4 Ke6 35. Kd3 Kd6 36. Ke3 Ke6 37. Kd3 f4 38. gxf4 exf4 39. Ke4 Kf6 40.
Kxf4 Ke6 41. a5 Kd6 42. Kg5 Ke5 43. Kxh5 Kd4 44. Kg6 Kxc4 45. h5 Kxb4 46. a6 b5
47. h6 Ka5 48. h7 Kxa6 49. h8=Q Ka5 50. Qa1+ Kb6 51. Kf5 a5 52. Ke4 a4 53. Kd4
Ka5 54. Qc3+ Ka6 55. Kc5 Ka7 56. Qa5+ Kb7 57. Qb6+ 1-0

[Event "4NCL Division 4 South"]
[Site "Daventry, ENG"]
[Date "2019.02.09"]
[Round "5.145"]
[White "Cuthbert, Larissa"]
[Black "Kilcline, Jenny"]
[Result "0-1"]
[WhiteElo "1412"]
[BlackElo "1515"]
[PlyCount "98"]
[EventDate "2019.02.09"]
[WhiteTeam "Wessex C"]
[BlackTeam "Rook & Roll"]

1. e4 e6 2. d4 d5 3. e5 c5 4. Nf3 Nc6 5. Bb5 Bd7 6. Bxc6 bxc6 7. O-O cxd4 8. c3
dxc3 9. Nxc3 Ne7 10. Bf4 Ng6 11. Bg3 Be7 12. Qe2 O-O 13. Rad1 c5 14. b3 f5 15.
exf6 Rxf6 16. Be5 Rf5 17. Nxd5 exd5 18. Rxd5 Qe8 19. Rfd1 Bc6 20. R5d3 Bxf3 21.
Rxf3 Rxe5 22. Qc4+ Kh8 23. a4 Rd8 24. Rf1 h6 25. Qb5 Qxb5 26. axb5 Rb8 27. Re3
Rxe3 28. fxe3 Rxb5 29. Ra1 Rxb3 30. Rxa7 Rxe3 31. Ra1 Bf6 32. Rc1 Bd4 33. Kf1
Ne5 34. Re1 Rxe1+ 35. Kxe1 g5 36. Ke2 Kg7 37. g3 Kf6 38. h3 Kf5 39. h4 gxh4 40.
gxh4 Kg4 41. Kd2 Kxh4 42. Kc2 Kg3 43. Kb3 h5 44. Ka4 h4 45. Kb5 h3 46. Ka4 h2
47. Ka5 h1=Q 48. Kb5 Qc6+ 49. Ka5 Bc3# 0-1

[Event "4NCL Division 4 South"]
[Site "Daventry, ENG"]
[Date "2019.02.09"]
[Round "5.146"]
[White "Kilcline, Declan A"]
[Black "Deacon, Nicholas"]
[Result "1-0"]
[WhiteElo "1400"]
[BlackElo "1067"]
[PlyCount "35"]
[EventDate "2019.02.09"]
[WhiteTeam "Rook & Roll"]
[BlackTeam "Wessex C"]

1. e4 c5 2. Nc3 g6 3. f4 Bg7 4. Bc4 d6 5. Nf3 Nc6 6. O-O Nf6 7. d3 O-O 8. Qe1
Bg4 9. h3 Bd7 10. Qh4 Re8 11. f5 gxf5 12. Bh6 fxe4 13. Qg5 Nh5 14. Nxe4 Kh8 15.
Qxh5 Bxh6 16. Qxh6 f5 17. Neg5 Rg8 18. Nf7# 1-0

[Event "4NCL Division 4 South"]
[Site "Daventry, ENG"]
[Date "2019.02.09"]
[Round "5.151"]
[White "Eedle, Eric F"]
[Black "Cole, Graham"]
[Result "1/2-1/2"]
[WhiteElo "1570"]
[BlackElo "1806"]
[PlyCount "104"]
[EventDate "2019.02.09"]
[WhiteTeam "Barnet Knights 3"]
[BlackTeam "Oxford 4"]

1. d4 Nf6 2. c4 g6 3. Nc3 Bg7 4. e4 d6 5. Nf3 O-O 6. Be2 e5 7. dxe5 dxe5 8.
Qxd8 Rxd8 9. Nd5 Nxd5 10. cxd5 c6 11. Bc4 cxd5 12. Bxd5 Nd7 13. Bg5 Re8 14. Nd2
Nf6 15. Bb3 Be6 16. f3 Rac8 17. O-O Bxb3 18. Nxb3 Rc2 19. Rab1 h6 20. Be3 b6
21. Rfc1 Rec8 22. Bd2 R2c7 23. Bc3 Nh5 24. g3 Rd7 25. Rd1 Rcd8 26. Rxd7 Rxd7
27. Kf2 f6 28. Ke2 Bf8 29. Rd1 Rxd1 30. Kxd1 Kf7 31. Ke2 Ke6 32. Bd2 f5 33.
exf5+ gxf5 34. Kd3 Nf6 35. h3 Kd5 36. g4 fxg4 37. hxg4 e4+ 38. fxe4+ Nxe4 39.
Be3 Bg7 40. Nd2 Nf6 41. g5 hxg5 42. Bxg5 Nh7 43. Be3 Bxb2 44. Kc2 Bd4 45. Bf4
Nf6 46. Kb3 Nd7 47. Bg3 Nc5+ 48. Kc2 Ne4 49. Nxe4 Kxe4 50. Kb3 Kd5 51. a4 a6
52. Be1 Bc5 1/2-1/2

[Event "4NCL Division 4 South"]
[Site "Daventry, ENG"]
[Date "2019.02.09"]
[Round "5.152"]
[White "Bush, Ian"]
[Black "Barnett-Harris, Lucas"]
[Result "1-0"]
[WhiteElo "1780"]
[BlackElo "1525"]
[PlyCount "43"]
[EventDate "2019.02.09"]
[WhiteTeam "Oxford 4"]
[BlackTeam "Barnet Knights 3"]

1. e4 c5 2. d4 cxd4 3. c3 Nc6 4. Nf3 g6 5. cxd4 e6 6. Nc3 Bg7 7. Be3 Nge7 8.
Qd2 d5 9. e5 a6 10. Be2 Bd7 11. O-O O-O 12. Rfd1 Nf5 13. Bg5 Qe8 14. g4 Nfe7
15. Bf6 Qd8 16. Qf4 Rc8 17. h4 Rc7 18. h5 h6 19. Bd3 g5 20. Nxg5 Bxf6 21. Bh7+
Kg7 22. Qxf6# 1-0

[Event "4NCL Division 4 South"]
[Site "Daventry, ENG"]
[Date "2019.02.09"]
[Round "5.153"]
[White "Farahi-Far, Arman"]
[Black "Gentry, Alan E"]
[Result "0-1"]
[WhiteElo "1525"]
[BlackElo "1736"]
[PlyCount "64"]
[EventDate "2019.02.09"]
[WhiteTeam "Barnet Knights 3"]
[BlackTeam "Oxford 4"]

1. d4 Nf6 2. Nf3 e6 3. c4 c5 4. d5 exd5 5. cxd5 d6 6. Nc3 g6 7. Bg5 Bg7 8. e3
O-O 9. Bc4 a6 10. a4 Bg4 11. h3 Bxf3 12. Qxf3 Nbd7 13. Ne4 Qe7 14. Nxf6+ Nxf6
15. O-O Rfe8 16. Bd3 Qe5 17. Bxf6 Bxf6 18. Rab1 Rab8 19. Rfc1 b5 20. axb5 axb5
21. b3 Re7 22. Kh1 Ra7 23. Kg1 Kg7 24. g3 Qe8 25. h4 Rba8 26. h5 Be5 27. g4 Ra2
28. Qh1 Rd2 29. Be4 Raa2 30. Bc2 Rdxc2 31. Rxc2 Rxc2 32. Qe4 Bh2+ 0-1

[Event "4NCL Division 4 South"]
[Site "Daventry, ENG"]
[Date "2019.02.09"]
[Round "5.154"]
[White "Rayner, Hugo"]
[Black "Ford, Conor"]
[Result "1-0"]
[WhiteElo "1600"]
[BlackElo "1450"]
[PlyCount "123"]
[EventDate "2019.02.09"]
[WhiteTeam "Oxford 4"]
[BlackTeam "Barnet Knights 3"]

1. e4 e5 2. Nf3 Nc6 3. Bc4 Be7 4. O-O Nf6 5. d3 O-O 6. c3 d6 7. h3 Be6 8. Bxe6
fxe6 9. Qb3 Qc8 10. Ng5 Nd8 11. Re1 h6 12. Nf3 Nc6 13. Nbd2 Rb8 14. Nf1 Qd7 15.
Ng3 Na5 16. Qc2 Nc6 17. Bd2 Qe8 18. Qb3 Qf7 19. Re2 a6 20. d4 exd4 21. cxd4 d5
22. exd5 exd5 23. Nf5 Bd6 24. Bxh6 g6 25. Nxd6 cxd6 26. Ng5 Qd7 27. Qd3 Ne7 28.
Bxf8 Rxf8 29. Rae1 Re8 30. Qf3 Nf5 31. Rxe8+ Nxe8 32. Qxd5+ Kg7 33. Qe4 Nf6 34.
Qe6 Qxe6 35. Rxe6 b5 36. Ne4 Nxe4 37. Rxe4 Kf6 38. Kf1 d5 39. Rf4 g5 40. Rxf5+
Kxf5 41. f3 Kf4 42. Kf2 a5 43. g3+ Kf5 44. Ke3 b4 45. b3 Kf6 46. g4 Ke6 47. f4
gxf4+ 48. Kxf4 Kf6 49. h4 Ke6 50. h5 Kf6 51. g5+ Kg7 52. Kf5 Kh7 53. h6 a4 54.
bxa4 b3 55. axb3 Kh8 56. Kf6 Kh7 57. a5 Kh8 58. a6 Kg8 59. a7 Kh7 60. Kf7 Kh8
61. a8=Q+ Kh7 62. Qg8# 1-0